| 000 | 00537nam a2200169 a 4500 | ||
|---|---|---|---|
| 008 | 120416s1980 ||||||||||||||||| || u | ||
| 020 | _a0070517339 | ||
| 050 | _aQA 154.2 Ree | ||
| 100 | _aRees, Paul K | ||
| 245 | 1 | 0 | _aCollege algebra |
| 260 |
_aLondon: _bMcGraw-Hill _c1980 |
||
| 300 | _axv, 509p. : ill | ||
| 350 | _a0.00 | ||
| 650 | 0 | _aALGEBRA | |
| 700 | _aRees, Charles Sparks | ||
| 995 |
_D0.00 _FCBU-MAIN LIBRARY (Kitwe) _H1 _I20.95 _M1 _UDAMAGED _ZMain Library Open Access Collection |
||
| 999 |
_c37684 _d37684 |
||